Methods in plant pathology:With special reference to breeding for disease resistance. (Record no. 23245)

MARC details
000 -LEADER
fixed length control field 00386nam a2200133Ia 4500
082 ## - DEWEY DECIMAL CLASSIFICATION NUMBER
Classification number 581.2
Item number KIR
100 ## - MAIN ENTRY--AUTHOR NAME
Personal name KIRALY, Z
245 #0 - TITLE STATEMENT
Title Methods in plant pathology:With special reference to breeding for disease resistance.
260 ## - PUBLICATION, DISTRIBUTION, ETC. (IMPRINT)
Place of publication Amsterdam
Name of publisher Elsevier
Year of publication 1974
650 ## - SUBJECT ADDED ENTRY--TOPICAL TERM
Topical Term Plant pathology
650 ## - SUBJECT ADDED ENTRY--TOPICAL TERM
Topical Term Plant viruses
942 ## - ADDED ENTRY ELEMENTS (KOHA)
Koha item type Books
Holdings
Withdrawn status Lost status Damaged status Not for loan Home library Current library Date acquired Full call number Accession Number Koha item type
        RRII Library RRII Library 16/12/2021 581.2 KIR 03945 Books